000 01065nas a2200313 4500
001 BR0302915
003 BR-BrBNA
005 20231205103853.0
007 ta
008 230509b bl.|||p| |||| 00| 00por d
040 _aBR-BrBNA
_bpor
_cBiblioteca Nacional de Agricultura
041 _a(Pt)
072 _aH10
100 1 _aMoreira, M.A.B.
100 1 _aMedeiros, R.D. de
100 1 _aOliveira Junior, J.O.L. de
245 1 _aOcorrência de plantas nativas e daninhas como hospedeiros alternativos da mosca branca, Bemisia argentifolii (Belows Perring, 1994), (Hemiptera:Aleyrodidae), no Rio Grande do Norte, Brasil
650 _aMOSCA BRANCA
650 _aPRAGA DE PLANTA
650 _aPLANTA HOSPEDEIRA
650 _aESPÉCIE NATIVA
650 _aLEVANTAMENTO POPULACIONAL
650 _aMÉTODO
650 _aEQUILIBRIO ECOLÓGICO
650 _aRIO GRANDE DO NORTE
773 0 _tRevista Científica Rural (Brazil)
_xISSN 1413-8263
_g(2001), v. 6(2) p. 77-83
_wBR0302915
909 _a202311
_bLúcia
_c55
_dLúcia Elande
942 _2AGRIS
_n0
_cANA
999 _c175176
_d175176